<?xml version="1.0" encoding="UTF-8"?>
<record
    xmlns:xsi="http://www.w3.org/2001/XMLSchema-instance"
    xsi:schemaLocation="http://www.loc.gov/MARC21/slim http://www.loc.gov/standards/marcxml/schema/MARC21slim.xsd"
    xmlns="http://www.loc.gov/MARC21/slim">

  <leader>02283nam a2200325 a 4500</leader>
  <controlfield tag="001">000000516</controlfield>
  <controlfield tag="003">DO-SdBNP</controlfield>
  <controlfield tag="005">20170925114851.0</controlfield>
  <controlfield tag="007">000000516</controlfield>
  <controlfield tag="008">081122s2007    dr            000 0 spa d</controlfield>
  <datafield tag="020" ind1=" " ind2=" ">
    <subfield code="a">9789945861464</subfield>
  </datafield>
  <datafield tag="020" ind1=" " ind2=" ">
    <subfield code="a">9945861468</subfield>
  </datafield>
  <datafield tag="040" ind1=" " ind2=" ">
    <subfield code="a">BPMSU</subfield>
    <subfield code="b">spa</subfield>
    <subfield code="c">BPMSU</subfield>
  </datafield>
  <datafield tag="082" ind1=" " ind2=" ">
    <subfield code="a">720.97293</subfield>
    <subfield code="b">G984s</subfield>
  </datafield>
  <datafield tag="092" ind1=" " ind2=" ">
    <subfield code="a"> </subfield>
  </datafield>
  <datafield tag="100" ind1="1" ind2=" ">
    <subfield code="a">Guti&#xE9;rrez Escudero, Antonio</subfield>
  </datafield>
  <datafield tag="245" ind1="1" ind2="0">
    <subfield code="a">Santo Domingo colonial :</subfield>
    <subfield code="b">estudios hist&#xF3;ricos, siglos XVI al XVIII /</subfield>
    <subfield code="c">Antonio Guti&#xE9;rrez Escudero.</subfield>
  </datafield>
  <datafield tag="260" ind1=" " ind2=" ">
    <subfield code="a">Santo Domingo :</subfield>
    <subfield code="b">Academia Dominicana de la Historia,</subfield>
    <subfield code="c">2007.</subfield>
  </datafield>
  <datafield tag="300" ind1=" " ind2=" ">
    <subfield code="a">xv., 351 p. :</subfield>
    <subfield code="b">il. ;</subfield>
    <subfield code="c">23 cm.</subfield>
  </datafield>
  <datafield tag="490" ind1="1" ind2=" ">
    <subfield code="a">Academia Dominicana de la Hist&#xF3;ria ;</subfield>
    <subfield code="v">82</subfield>
  </datafield>
  <datafield tag="500" ind1=" " ind2=" ">
    <subfield code="a">Incluye datos biogr&#xE1;ficos del autoe en la solapa de la cubierta</subfield>
  </datafield>
  <datafield tag="505" ind1="2" ind2=" ">
    <subfield code="t">Presentaci&#xF3;n /</subfield>
    <subfield code="r">Genaro Rodr&#xED;guez Morel --</subfield>
    <subfield code="t">Introducci&#xF3;n -- T</subfield>
    <subfield code="t">Tres fuentes espa&#xF1;olas sobre Saint Domingue, 1699-1731 --</subfield>
    <subfield code="t">Cuesti&#xF3;n de l&#xED;mites en la isla Espa&#xF1;ola, 1690-1777 --</subfield>
    <subfield code="a">Un canario en la Espa&#xF1;ola. Vida, hechos y familia de Pedro Lousel Montero, 1724-1801 --</subfield>
    <subfield code="t">Contrabando en el Caribe: comercio il&#xED;cito entre franceses y espa&#xF1;oles en Santo Domingo --</subfield>
    <subfield code="t">Una guarnici&#xF3;n de fronteras en Am&#xE9;rica: ej&#xE9;rcito y milicias en Santo Domingo, 1700-1748 --</subfield>
    <subfield code="t">Vicisitudes de una villa de canarios en la Espa&#xF1;ola: San Carlos de Tenerife, 1684-1750 --</subfield>
    <subfield code="t">Las primeras obras p&#xFA;blicas en el Nuevo Mundo y su financiaci&#xF3;n: Santo Domingo, 1494-1572 --</subfield>
    <subfield code="t">Colonos, familias pobladoras y fundaci&#xF3;n de ciudades en la Espa&#xF1;ola, 1684-1768 --</subfield>
    <subfield code="t">Nuevas consideraciones sobre la inmigraci&#xF3;n canaria a Santo Domingo en el siglo XVIII --</subfield>
    <subfield code="t">Acerca del proyectismo y del reformismo borb&#xF3;nico en Santo Domingo --</subfield>
    <subfield code="t">Productos alimenticios en la dieta de los hispanodominicanos, siglo XVIII --</subfield>
    <subfield code="t">Nuevas y viejas consideraciones acerca del tabaco dominicano y su producci&#xF3;n.</subfield>
  </datafield>
  <datafield tag="650" ind1=" " ind2="4">
    <subfield code="a">ARQUITECTURA COLONIAL</subfield>
    <subfield code="z">SANTO DOMINGO (REP&#xDA;BLICA DOMINICANA)</subfield>
    <subfield code="x">HISTORIA</subfield>
    <subfield code="y">SIGLO XVI-XVIII</subfield>
  </datafield>
  <datafield tag="650" ind1=" " ind2="4">
    <subfield code="a">SANTO DOMINGO (REP&#xDA;BLICA DOMINICANA)</subfield>
    <subfield code="x">HISTORIA</subfield>
    <subfield code="y">SIGLO XVI-XVIII</subfield>
  </datafield>
  <datafield tag="650" ind1=" " ind2="4">
    <subfield code="a">MONUMENTOS HIST&#xD3;RICOS</subfield>
    <subfield code="z">SANTO DOMINGO (REP&#xDA;BLICA DOMINICANA)</subfield>
    <subfield code="y">SIGLO XVI-XVIII</subfield>
  </datafield>
  <datafield tag="830" ind1=" " ind2="0">
    <subfield code="a">Academia Dominicana de la Historia</subfield>
    <subfield code="n">82</subfield>
  </datafield>
  <datafield tag="942" ind1=" " ind2=" ">
    <subfield code="2">ddc</subfield>
    <subfield code="c">BK</subfield>
  </datafield>
  <datafield tag="945" ind1=" " ind2=" ">
    <subfield code="a">Inventariado / 2017 VM</subfield>
  </datafield>
  <datafield tag="952" ind1=" " ind2=" ">
    <subfield code="0">0</subfield>
    <subfield code="1">0</subfield>
    <subfield code="2">ddc</subfield>
    <subfield code="4">0</subfield>
    <subfield code="7">0</subfield>
    <subfield code="8">CD</subfield>
    <subfield code="a">BPMET</subfield>
    <subfield code="b">BPMET</subfield>
    <subfield code="d">2015-08-03</subfield>
    <subfield code="e">Archivo General de la Naci&#xF3;n </subfield>
    <subfield code="l">0</subfield>
    <subfield code="o">720.97293   G984s</subfield>
    <subfield code="p">BPMSU15080021</subfield>
    <subfield code="r">2015-08-03</subfield>
    <subfield code="w">2015-08-03</subfield>
    <subfield code="y">BK</subfield>
  </datafield>
  <datafield tag="956" ind1=" " ind2=" ">
    <subfield code="a">VMATEO</subfield>
    <subfield code="b">10</subfield>
    <subfield code="c">20150803</subfield>
    <subfield code="l">BPMSU</subfield>
    <subfield code="h">00151</subfield>
  </datafield>
  <datafield tag="999" ind1=" " ind2=" ">
    <subfield code="c">8051</subfield>
    <subfield code="d">8051</subfield>
  </datafield>
</record>
